Detalles MARC
| 000 -LIDER |
| fixed length control field |
01184cam a2200313 a 4500 |
| 001 - NÚMERO DE CONTROL |
| Identificador de número de control |
16223150 |
| 003 - IDENTIFICACDOR DE NÚMERO DE CONTROL |
| control field |
DO-SdBPM |
| 005 - DATE AND TIME OF LATEST TRANSACTION |
| control field |
20250526103041.0 |
| 008 - ELEMENTOS DE LONGITUD FIJA |
| fixed length control field |
100327s2008 cu a b f000 0 spa |
| 010 ## - NUMERO DE CONTROL DE BIBLIOTECA DEL CONGRESO |
| LC control number |
2010385974 |
| 020 ## - ISBN |
| International Standard Book Number |
9789592740631 |
| 040 ## - FUENTE DE CATALOGACIÓN |
| Agencia que crea de manera original el registro |
DO-SdBPM |
| Idioma de catalogación |
spa |
| Agencia que realiza la transcripción |
BPMSU |
| Agencia que realiza la modificación |
|
| Convenciones de la despripción |
|
| 082 #4 - NÚMERO DE CLASIFICACIÓN DECIMAL DE DEWEY |
| Classification number |
345.0231 |
| Item number |
E79u 2008 |
| Edition number |
22 |
| 245 00 - MENCIÓN DE TITULO |
| Título |
Estados Unidos vs. los Cinco : |
| Subtítulo |
la mala conducta : compilación de la Mesa Redonda. |
| 246 30 - VARIACION DEL TÍTULO |
| Título propiamente dicho o título corto |
Mala conducta |
| 246 3# - VARIACION DEL TÍTULO |
| Título propiamente dicho o título corto |
Estados Unidos versus los Cinco |
| 260 ## - PUBLICACIÓN, DISTRIBUCIÓN, ETC. (PIE DE IMPRENTA) |
| Lugar de publicación, distribución, etc |
La Habana, Cuba : |
| Nombre del editor, distribuidor, etc. |
Oficina de Publicaciones del Consejo de Estado, |
| Fecha de publicación, distribución, etc |
2008. |
| 300 ## - DESCRIPCIÓN FÍSICA |
| Extensión |
251 p. : |
| Otros detalles físicos |
ill. ; |
| Dimensiones |
23 cm. |
| 504 ## - NOTA DE BIBLIOGRAFÍA, ETC. |
| Bibliography, etc |
Incluye referencias bibliográficas y notas al pie de las páginas |
| 590 ## - NOTA LOCAL |
| Texto de la nota local |
Inventariado, 2025/VM |
| 650 #4 - ENCABEZAMIENTO DE MATERIA--TEMÁTICO |
| Término temático o nombre geográfico como elemento de entrada |
Juicios por espionaje |
| Subdivisión geográfica |
Atlanta (Georgia, Estados Unidos). |
| -- |
|
| 650 #4 - ENCABEZAMIENTO DE MATERIA--TEMÁTICO |
| Término temático o nombre geográfico como elemento de entrada |
Procesos por conspiración |
| Subdivisión geográfica |
Atlanta (Georgia, Estados Unidos) |
| -- |
|
| 650 #4 - ENCABEZAMIENTO DE MATERIA--TEMÁTICO |
| Término temático o nombre geográfico como elemento de entrada |
Espías |
| Subdivisión geográfica |
Cuba. |
| 651 #4 - ENCABEZAMIENTO DE MATERIA--NOMBRE GEOGRÁFICO |
| Nombre geográfico |
Cuba |
| Subdivisión temática general |
Relaciones exteriores |
| Subdivisión geográfica |
Estados Unidos |
| 651 #4 - ENCABEZAMIENTO DE MATERIA--NOMBRE GEOGRÁFICO |
| Nombre geográfico |
Estados Unidos |
| Subdivisión temática general |
Relaciones exteriores |
| Subdivisión geográfica |
Cuba. |
| 710 1# - ASIENTO SECUNDARIO -- NOMBRE CORPORATIVO |
| Nombre corporativo o de jurisdicción |
Cuba. |
| Unidad subordinada |
Consejo de Estado. |
| 910 ## - VALIDACIÓN |
| Validación |
VMateo V. Control de calidad. BPMSU |
| 942 ## - ADDED ENTRY ELEMENTS (KOHA) |
| Source of classification or shelving scheme |
Dewey Decimal Classification |
| Koha item type |
Libros |